| 000 | 00882nam a22002777a 4500 | ||
|---|---|---|---|
| 999 |
_c13700 _d13700 |
||
| 003 | MIRAKIL | ||
| 005 | 20200114120737.0 | ||
| 008 | 200114b tu ||||| |||| 00| 0 tur d | ||
| 020 | _a9789759918590 | ||
| 040 |
_aTR-AnCHP _cTR-AnCHP |
||
| 041 | _atur | ||
| 082 |
_a818.42 _bP55a 2008 |
||
| 100 | _aPinto, Bensiyon | ||
| 245 | 1 | 0 |
_aAnlatmasam olmazdı : _bgeniş toplumda Yahudi olmak _cBensiyon Pinto; derleyen Tülay Gürler |
| 246 | _ageniş toplumda Yahudi olmak | ||
| 250 | _a8 bs. | ||
| 260 |
_aİstanbul: _bDoğan Kitap, _c2008. |
||
| 300 |
_a368 s.: _bfotg., _c23 sm. |
||
| 504 | _aDizin vardır. | ||
| 600 | 0 |
_96194 _aPinto, Bensiyon _cTürk Musevi Cemaati Onursal Başkanı _d1936- _xAnılar |
|
| 650 | 0 |
_919 _aTürk edebiyatı _xAnı |
|
| 700 |
_96195 _aGürler, Tülay _eder. |
||
| 740 | _ageniş toplumda Yahudi olmak | ||
| 942 |
_2ddc _cBKS |
||
| 999 | _d13700 | ||